BIBLIOTHÈQUE DE LA MAISON DU MEXIQUE

Logo 1 Logo 2

Entre la iguana y el colibrí (notice nᵒ 5677)

détails MARC
000 -Sello discográfico
campo de control de longitud fija 00898nam0a2200253 4500
005 - Identificación de versión
campo de control 20251016084508.0
035 ## - Otros números de control del sistema
Número de control del sistema 4144
099 ## - fechas locales
Tipo de ítem Koha LIBRO
100 ## - Datos de procesamiento general
Datos de procesamiento general 20120605d2002 m y0spay5003 ba
105 ## - Campo de datos codificados: Material textual, monográfico
Datos codificados de monografía a 001gy
200 1# - Título y mención de responsabilidad
Título propio Entre la iguana y el colibrí
Designación general del material texto impreso
Otra información del título sobre la obra poética de Roberto López Moreno
Primer mención de responsabilidad Jorge Solís Arenazas
205 ## - Declaración de edición
Declaración de edición 1a ed
210 ## - Publicación, distribución, etc.
Lugar de publicación, distribución, etc. México
Nombre del editor, distribuidor, etc. Gobierno Constitucional del Estado de Chiapas, Secretaría de Educación
Fecha de publicación, distribución, etc. 2002
215 ## - Descripción física
Designación de material específico y extensión del ítem 167 p
Otras características físicas il.
Dimensiones 21 cm
345 ## - Nota de información de adquisición
Fuente de adquisición/dirección de la suscripción [OBSOLETO] Donación
600 ## - Nombre personal usado como materia
Elemento de entrada López Moreno
Parte del nombre distinta del elemento de entrada Roberto
Fechas 1942-
Subdivisión temática Crítica e interpretación
Número Koha 10878
700 ## - Nombre personal - Responsabilidad primaria
Elemento de entrada Solís Arenazas
Parte del nombre distinta del elemento de entrada Jorge
Fechas 1981-
Número Koha 10879
801 #0 - Fuente de origen
País FR
Agencia cm
Reglas de catalogación (convenciones descriptivas) AFNOR
900 ## -
-- 1/21143
942 ## - ELEMENTOS DE ENTRADA SECUNDARIOS (KOHA)
Tipo de ítem Koha Livre
996 ## -
-- MEX
-- 751145101
-- MMAG
-- 002730
-- 861.4 S687EN
-- 20120605LIV
Exemplaires
Estatus retirado Estado de daño Estado de pérdida Fecha de adquisición Biblioteca de origen Biblioteca actual Ubicación en estantería Código de barras Precio de reemplazo Signatura topográfica completa No para préstamo Tipo de ítem Koha Nota pública Nota no pública
      05/08/2025 Casa México Paris Casa México Paris   002730 05/08/2025 861.4 S687EN   Livre 20120605LIV 751145101